000 00779cam a2200265 a 4500
001 14376311
003 OSt
005 20260319114809.0
008 060513s2006 ii b 001 0 eng
040 _cHDL
_beng
042 _alcode
043 _aa-ii---
050 0 0 _aBL2001.3
_b.L67 2006
100 1 _aLorenzen, David N.
_91132356
245 1 0 _aWho invented Hinduism :
_bessays on religion in History /
_cDavid N. Lorenzen.
260 _aNew Delhi :
_bYoda Press,
_c2006.
300 _axxi, 284 p. ;
_c23 cm.
336 _atext
_btxt
_2rdacontent
337 _aunmediated
_bn
_2rdamedia
338 _avolume
_bnc
_2rdacarrier
440 0 _aNew perspectives on Indian pasts
_91132529
651 0 _aIndia
_xReligion.
_91132355
942 _2CC
_cTEXL
_n0
999 _c1715750
_d1715750